[Event "FRA-ch Blitz Online Qual"]
[Site "Europe Echecs INT"]
[Date "2020.05.16"]
[Round "1"]
[White "Gretry, Patrice"]
[Black "Coutton, Aurelien"]
[Result "1-0"]
[WhiteElo "2017"]
[BlackElo "1211"]
[PlyCount "39"]
[EventDate "2020.05.16"]
[EventType "swiss (blitz)"]
[EventRounds "15"]
[EventCountry "FRA"]
[SourceTitle "CBM 196 Extra"]
[Source "ChessBase"]
[SourceDate "2020.07.31"]
[SourceVersion "1"]
[SourceVersionDate "2020.07.31"]
[SourceQuality "1"]

1. e4 c5 2. Nf3 d6 3. d4 cxd4 4. Nxd4 Nf6 5. Nc3 a6 6. Be3 Ng4 7. Bg5 h6 8. Bh4 g5 9. Be2 gxh4 10. Bxg4 e5 11. Nf5 Qg5 12. Bh3 Bxf5 13. exf5 Be7 14. Ne4 Qg7 15. Nxd6+ Bxd6 16. Qxd6 Nd7 17. 0-0-0 Rd8 18. f6 Qg5+ 19. Kb1 e4 20. Qe7# 1-0

[Event "Reunion op 17th"]
[Site "St Denis"]
[Date "2015.10.10"]
[Round "6"]
[White "Gretry, Patrice"]
[Black "Ringayen, Rose May"]
[Result "1-0"]
[WhiteElo "1997"]
[BlackElo "1661"]
[PlyCount "71"]
[EventDate "2015.10.10"]
[EventType "swiss"]
[EventRounds "9"]
[EventCountry "RUF"]
[SourceTitle "CBM 168 Extra"]
[Source "ChessBase"]
[SourceDate "2015.10.29"]
[SourceVersion "1"]
[SourceVersionDate "2015.10.29"]
[SourceQuality "1"]

1. e4 e5 2. Nf3 Nc6 3. Bc4 Nf6 4. Ng5 d5 5. exd5 Na5 6. Bb5+ c6 7. dxc6 bxc6 8. Qf3 Bd7 9. Bd3 Nb7 10. Nc3 Nc5 11. Bc4 Ne6 12. Nxe6 fxe6 13. d3 Bb4 14. 0-0 0-0 15. Qg3 Bxc3 16. bxc3 Nh5 17. Qxe5 Nf6 18. Bxe6+ Kh8 19. Bb3 Ng4 20. Qg3 Qf6 21. d4 Rac8 22. Ba3 Nh6 23. Bxf8 Rxf8 24. Rae1 Nf5 25. Qe5 Qg5 26. Be6 Bxe6 27. Qxe6 Nh4 28. g3 Nf3+ 29. Kg2 Nxe1+ 30. Rxe1 Qd2 31. Re2 Qxc3 32. Qf7 h6 33. Qxf8+ Kh7 34. Qf5+ g6 35. Qf7+ Kh8 36. Re8# 1-0

[Event "Paris-ch op-B 87th"]
[Site "Paris"]
[Date "2012.07.10"]
[Round "4"]
[White "Carre, Sylvain"]
[Black "Gretry, Patrice"]
[Result "1-0"]
[WhiteElo "2150"]
[BlackElo "2016"]
[PlyCount "47"]
[EventDate "2012.07.07"]
[EventType "swiss"]
[EventRounds "9"]
[EventCountry "FRA"]
[SourceTitle "EXT 2013"]
[Source "ChessBase"]
[SourceDate "2012.11.22"]
[SourceVersion "1"]
[SourceVersionDate "2012.11.22"]
[SourceQuality "1"]

1. d4 d5 2. c4 c6 3. Nf3 Nf6 4. Nc3 dxc4 5. a4 Bf5 6. Ne5 e6 7. f3 Bb4 8. e4 Bxe4 9. fxe4 Nxe4 10. Bd2 Qh4+ 11. g3 Nxg3 12. hxg3 Qxh1 13. Qg4 g6 14. Qf4 0-0 15. 0-0-0 Qh5 16. g4 Qh4 17. Bg2 f5 18. Rh1 Qe7 19. Qh6 Qc7 20. Nxg6 Rf6 21. gxf5 exf5 22. Nd5 cxd5 23. Bxd5+ Rf7 24. Qxh7# 1-0

[Event "Reunion op 09th"]
[Site "Reunion"]
[Date "2007.10.21"]
[Round "9"]
[White "Gretry, Patrice"]
[Black "Guillaumat, Jean Pierre"]
[Result "1-0"]
[WhiteElo "2052"]
[BlackElo "1984"]
[PlyCount "115"]
[EventDate "2007.10.14"]
[EventType "swiss"]
[EventRounds "9"]
[EventCountry "RUF"]
[SourceTitle "EXT 2012"]
[Source "ChessBase"]
[SourceDate "2011.11.24"]
[SourceVersion "1"]
[SourceVersionDate "2011.11.24"]
[SourceQuality "1"]

1. e4 c5 2. Nf3 e6 3. d4 cxd4 4. Nxd4 Nf6 5. Bd3 a6 6. 0-0 d6 7. c4 Be7 8. Nc3 Nbd7 9. Qe2 0-0 10. b3 Ne5 11. Bd2 Nc6 12. Rfd1 Qc7 13. Be3 e5 14. Nf5 Bxf5 15. exf5 Nb4 16. Be4 Nxe4 17. Nxe4 f6 18. Rac1 Rad8 19. Nc3 Rd7 20. a3 Nc6 21. Nd5 Qb8 22. Bb6 Bd8 23. Be3 Ne7 24. Qd3 Kh8 25. Nc3 b5 26. cxb5 axb5 27. Nxb5 d5 28. Bc5 Rf7 29. Bxe7 Bxe7 30. a4 Bf8 31. Rc6 e4 32. Qg3 Qb7 33. Qc3 h6 34. Re6 Kh7 35. Re8 g6 36. fxg6+ Kxg6 37. Qg3+ Kh7 38. Qf4 f5 39. Re6 Qc8 40. Rc1 Qd8 41. Rcc6 Qg5 42. Qxg5 hxg5 43. Nd4 Bg7 44. Nb5 d4 45. Kf1 Bf8 46. Ke2 d3+ 47. Kd1 g4 48. g3 Rd5 49. Nc3 Rd4 50. a5 Rb4 51. Rb6 Bc5 52. Rh6+ Kg7 53. Rbg6+ Kf8 54. Rh8+ Ke7 55. Nd5+ Kd7 56. Nxb4 Bxb4 57. a6 Bc5 58. Rb8 1-0

[Event "Reunion op 08th"]
[Site "Etang Sale"]
[Date "2006.10.14"]
[Round "1"]
[White "Fontaine, Willy"]
[Black "Gretry, Patrice"]
[Result "0-1"]
[WhiteElo "1520"]
[BlackElo "2062"]
[PlyCount "82"]
[EventDate "2006.10.14"]
[EventType "swiss"]
[EventRounds "9"]
[EventCountry "FRA"]
[SourceTitle "EXT 2007"]
[Source "ChessBase"]
[SourceDate "2006.11.23"]
[SourceVersion "1"]
[SourceVersionDate "2006.11.23"]
[SourceQuality "1"]

1. e4 g6 2. Nf3 Bg7 3. Bc4 d6 4. h3 Nf6 5. d3 0-0 6. 0-0 c5 7. c3 Nc6 8. Be3 a6 9. Qc1 Re8 10. Bh6 Bh8 11. Ng5 e6 12. Bb3 b5 13. Nd2 Qb6 14. Kh1 Nh5 15. Bd1 Nf4 16. Qc2 e5 17. Qb3 Ra7 18. Nxf7 Rxf7 19. Bxf4 exf4 20. Nf3 Be6 21. Qc2 Bf6 22. Qd2 Ne5 23. Nh2 Bg7 24. d4 Nc4 25. Qe2 cxd4 26. Bb3 dxc3 27. bxc3 Bxc3 28. Rac1 Bg7 29. Rb1 Rc7 30. Nf3 Na3 31. Rfc1 Nxb1 32. Rxc7 Qxc7 33. Bxe6+ Rxe6 34. Ng5 Qc1+ 35. Kh2 Nd2 36. g3 fxg3+ 37. fxg3 Bd4 38. h4 Rf6 39. Kh3 Rf2 40. Qd3 Qh1+ 41. Kg4 h5# 0-1

[Event "Reunion-ch"]
[Site "Reunion"]
[Date "2006.02.05"]
[Round "5"]
[White "Payet, Alex"]
[Black "Gretry, Patrice"]
[Result "0-1"]
[WhiteElo "1890"]
[BlackElo "2073"]
[PlyCount "134"]
[EventDate "2005.11.26"]
[EventType "swiss"]
[EventRounds "9"]
[EventCountry "RUF"]
[SourceTitle "EXT 2008"]
[Source "ChessBase"]
[SourceDate "2007.11.25"]
[SourceVersion "1"]
[SourceVersionDate "2007.11.25"]
[SourceQuality "1"]

1. e4 e5 2. Nf3 Nc6 3. d4 exd4 4. Nxd4 Nf6 5. Nxc6 bxc6 6. Bg5 Qe7 7. Qd4 Qxe4+ 8. Qxe4+ Nxe4 9. Bf4 Bd6 10. Bxd6 Nxd6 11. Bd3 0-0 12. 0-0 Rb8 13. b3 Re8 14. Nd2 Bb7 15. Rad1 Nb5 16. c4 Nc3 17. Ra1 Ne2+ 18. Kh1 Nf4 19. Be4 c5 20. Bxb7 Rxb7 21. Rae1 Kf8 22. Rxe8+ Kxe8 23. Re1+ Kf8 24. Ne4 d6 25. Nc3 c6 26. Ne4 Rd7 27. g3 Ne6 28. f4 Nd4 29. Kg2 f5 30. Ng5 h6 31. Nf3 Re7 32. Rd1 Re4 33. Rd2 Kf7 34. h4 Re2+ 35. Kf1 Rxd2 36. Nxd2 Kg6 37. Kf2 Kh5 38. Nf1 g5 39. hxg5 hxg5 40. Ke3 Kg4 41. fxg5 Kxg5 42. Nh2 a5 43. Kd3 f4 44. gxf4+ Kxf4 45. Nf1 Nf3 46. a3 Ne5+ 47. Kc3 d5 48. cxd5 cxd5 49. b4 d4+ 50. Kb3 c4+ 51. Kc2 axb4 52. axb4 Nc6 53. b5 Nb4+ 54. Kc1 c3 55. b6 Nc6 56. Kc2 Ke5 57. Ng3 Kd5 58. b7 Kc4 59. Nf1 d3+ 60. Kc1 Kd4 61. Kd1 Kc4 62. Kc1 Kb3 63. Nd2+ cxd2+ 64. Kxd2 Kc4 65. Kd1 Kc3 66. Kc1 d2+ 67. Kd1 Nb8 0-1

[Event "Reunion op 07th"]
[Site "Reunion"]
[Date "2004.10.14"]
[Round "7"]
[White "Gretry, Patrice"]
[Black "Olivier, Jean"]
[Result "1-0"]
[WhiteElo "1960"]
[BlackElo "1700"]
[PlyCount "97"]
[EventDate "2004.10.09"]
[EventType "swiss"]
[EventRounds "9"]
[EventCountry "RUF"]
[SourceTitle "CBM 102 Extra"]
[Source "ChessBase"]
[SourceDate "2004.11.03"]
[SourceVersion "1"]
[SourceVersionDate "2004.11.03"]
[SourceQuality "1"]

1. e4 d5 2. e5 c5 3. d4 Nc6 4. Bb5 c4 5. c3 Bf5 6. Ba4 Qc8 7. Ne2 a6 8. Ng3 Bd3 9. Qf3 e6 10. Be3 Qd7 11. Nd2 Nge7 12. Nh5 Ng6 13. Qg3 b5 14. Bd1 Nce7 15. f4 Nf5 16. Qf2 Ngh4 17. Rg1 Qd8 18. g4 Nxe3 19. Qxe3 Ng6 20. Rg3 a5 21. a3 Ra6 22. Kf2 Ne7 23. Rf3 Ng8 24. Kg2 g6 25. Ng3 Nh6 26. h3 f5 27. exf6 Qxf6 28. g5 Nf5 29. gxf6 Nxe3+ 30. Rxe3 Bh6 31. Rf3 Rf8 32. Be2 Bxe2 33. Nxe2 Rxf6 34. h4 Ra7 35. Kg3 Kd7 36. Nf1 Kc6 37. Ne3 Bf8 38. Ng4 Rf5 39. Ne5+ Kd6 40. Kh3 Be7 41. Ng3 Rf6 42. h5 Bd8 43. hxg6 hxg6 44. Kg4 Rh7 45. Rh1 Rg7 46. Rh8 Bb6 47. Rc8 Rc7 48. Rb8 Rc6 49. Kg5 1-0

[Event "Reunion op 07th"]
[Site "Reunion"]
[Date "2004.10.13"]
[Round "5"]
[White "Gretry, Patrice"]
[Black "Bouton, Christophe"]
[Result "0-1"]
[WhiteElo "1960"]
[BlackElo "2154"]
[PlyCount "112"]
[EventDate "2004.10.09"]
[EventType "swiss"]
[EventRounds "9"]
[EventCountry "RUF"]
[SourceTitle "CBM 102 Extra"]
[Source "ChessBase"]
[SourceDate "2004.11.03"]
[SourceVersion "1"]
[SourceVersionDate "2004.11.03"]
[SourceQuality "1"]

1. e4 e6 2. d4 d5 3. exd5 exd5 4. Bd3 Nc6 5. Nf3 Bd6 6. 0-0 Nge7 7. Bg5 Bg4 8. c3 0-0 9. Nbd2 Qd7 10. Re1 f6 11. Bh4 Bf5 12. Qc2 Rfe8 13. Bg3 Bxd3 14. Qxd3 Nf5 15. Kf1 Bxg3 16. hxg3 Nd6 17. Rxe8+ Rxe8 18. Re1 Rxe1+ 19. Nxe1 Ne7 20. Nc2 Qa4 21. b3 Qxa2 22. Nb4 Qa1+ 23. Ke2 Qh1 24. Kf3 Kf7 25. c4 a5 26. Nxd5 Nxd5 27. cxd5 Qh5+ 28. g4 Qxd5+ 29. Kg3 h5 30. Nf3 hxg4 31. Nh4 Ne4+ 32. Kh2 f5 33. f3 gxf3 34. Nxf3 Ke6 35. Qe3 b5 36. Qe1 Qxb3 37. Qxa5 Qd5 38. Kg1 Qc4 39. Qa8 Qc1+ 40. Kh2 Nd6 41. Qg8+ Nf7 42. Qe8+ Kf6 43. Qxb5 Qf4+ 44. Kg1 g5 45. Qc6+ Kg7 46. Qd7 Kf6 47. Qc6+ Qd6 48. Qc3 g4 49. Nd2 Ng5 50. d5+ Kg6 51. Qd3 c6 52. Nc4 Qxd5 53. Qb3 Ne4 54. Qc2 Qd4+ 55. Kh2 g3+ 56. Kh3 Qh8# 0-1

[Event "Reunion op 07th"]
[Site "Reunion"]
[Date "2004.10.09"]
[Round "1"]
[White "Farnier, Alain"]
[Black "Gretry, Patrice"]
[Result "0-1"]
[WhiteElo "1250"]
[BlackElo "1960"]
[PlyCount "76"]
[EventDate "2004.10.09"]
[EventType "swiss"]
[EventRounds "9"]
[EventCountry "RUF"]
[SourceTitle "CBM 102 Extra"]
[Source "ChessBase"]
[SourceDate "2004.11.03"]
[SourceVersion "1"]
[SourceVersionDate "2004.11.03"]
[SourceQuality "1"]

1. e3 e5 2. Ne2 d5 3. d4 e4 4. c3 Bd6 5. Nd2 f5 6. Nf4 Nf6 7. Nb3 0-0 8. Nc5 Qe8 9. h3 b6 10. Nb3 Bb7 11. Be2 Nbd7 12. c4 c5 13. Nd2 cxd4 14. Nb3 Bxf4 15. exf4 d3 16. Bf1 dxc4 17. Nd4 Nd5 18. Be3 Nc5 19. a4 c3 20. Nb5 c2 21. Nd6 cxd1Q+ 22. Rxd1 Qd7 23. Nc4 Qxa4 24. Nd2 Nb4 25. f3 Nc2+ 26. Kf2 Nxe3 27. Rb1 Qd4 28. Kg3 Nxf1+ 29. Nxf1 e3 30. h4 Ne6 31. Kh2 e2 32. Nd2 Qxf4+ 33. g3 Qxd2 34. Kh3 Bxf3 35. Rhe1 Qe3 36. b4 Qf2 37. h5 Qg2+ 38. Kh4 Qh2# 0-1